000 00820nam a2200301Ia 4500
001 4065
003 IT-RoPAU
008 130308s9999 xx 000 0 und d
040 _aIT-RoPAU
040 _cIT-RoPAU
041 _aFRANCESE
100 _aSima Lukombo
100 _gCodice Aut. SPICS: 1250
245 _aDavid, l'invincible
245 _bDavid, L'Invincible
250 _a1a ed.
260 _aKINSHASA
260 _bEditions Paulines
260 _c1979 [1° Ed.:1979 - Ed.Ling.Originale:1979]
300 _a"64 p. (prefazione: no ; testo: 64)"
500 _aDavide L'Invincibile Bibbia a Fumetti Disegni di Sima testo di Veve' Fumetto Africano
650 _aAUTORI/OPERE DI FUMETTO
650 _eCodice materia Spics: 6707
942 _cBK
957 _71
999 _c70165
_d70165
999 _bSI
999 _g1